000
00226nam a22000857a 4500
008
170619b xxu||||| |||| 00| 0 eng d
100
_9
3524
_a
Gupta R.K.et al
245
_a
English Communicative IX-I II
260
_a
New Delhi
_b
LP
_c
2012
999
_c
6908
_d
6908